Science Quiz

Random Science or Elements Quiz
Score 0/20 Timer 05:00
0 Plays Today
% Correct
Gold
98.7%
Neon
90.6%
Silver
90.2%
Tin
89.7%
Nickel
83%
Carbon
81.3%
Copper
80.8%
Hydrogen
80.4%
Aluminum
79.9%
Helium
79.5%
% Correct
Iron
79%
Sodium
77.7%
Mercury
75.9%
Iodine
74.6%
Lead
72.8%
Platinum
71%
Potassium
68.3%
Titanium
62.9%
Phosphorus
56.3%
Zinc
45.5%
Remove Ads.
Support Sporcle.
Get the best of Sporcle when you Go Orange. This ad-free experience offers more features, more stats, and more fun while also helping to support Sporcle. Thank you for becoming a member.

You're not logged in!

Compare scores with friends on all Sporcle quizzes.
OR
Log In

Show Comments

Extras

Top Quizzes Today


Score Distribution

Your Account Isn't Verified!

In order to create a playlist on Sporcle, you need to verify the email address you used during registration. Go to your Sporcle Settings to finish the process.

Report this User

Report this user for behavior that violates our Community Guidelines.

Details: